000
00283nam a22001337a 4500
008
181009b xxu||||| |||| 00| 0 eng d
020
_a
9780073224626
041
_a
eng
080
_a
510
100
_a
36
101
_a
MAT
245
_a
Mathematics
_c
Bennett, A.B
942
_2
udc
_c
BK
999
_c
49187
_d
49187